000 00699nam a2200217 a 4500
003 OSt
005 20130923132443.0
008 130923s2001 ag ||||| |||| 00| 0 spa d
040 _cBiblioteca Medicina
041 _aspa
082 _bMINIST. DE SALUD 0368
110 _aMinisterio de Salud
_92598
245 0 0 _aGuia de seguimiento del recien nacido en riesgo
250 _a1ยบ ed.
260 _aBuenos Aires
_bMinisterio de Salud de la Nacion
_c2001
300 _a160 p.
653 _aNEONATOLOGIA-GUIA
653 _aRECIEN NECIDO DE RIESGO-GUIA
942 _2ddc
_cPH
999 _c1653
_d1653
952 _40
_00
_bBFM
_10
_oMINIST. DE SALUD 0368
_d2013-09-23
_tEj. 1
_8NFIC
_70
_cCR
_2ddc
_yPH
_aBFM